[Event "QT 2014"]
[Site "Berlin"]
[Date "2014.04.22"]
[Round "4.1"]
[White "Steiner, Wolfram"]
[Black "Daum, Norman"]
[Result "1/2-1/2"]
[WhiteElo "1951"]
[BlackElo "2096"]
[PlyCount "97"]
[EventDate "2014.??.??"]
[WhiteTeam "SG Lasker Steglitz-Wilmersdorf"]
[BlackTeam "SC Rotation Pankow"]

1. e4 e6 2. d3 d5 3. Nd2 c5 4. Ngf3 Nc6 5. g3 Nf6 6. Bg2 dxe4 7. dxe4 Qc7 8.
O-O b6 9. c3 Bb7 10. Re1 O-O-O 11. Qc2 Ba6 12. Bf1 Bxf1 13. Nxf1 Ng4 14. Qe2
Be7 15. a4 h5 16. Bf4 e5 17. Bd2 Kb8 18. Ne3 Nxe3 19. Bxe3 h4 20. Red1 hxg3 21.
fxg3 Rxd1+ 22. Rxd1 Rd8 23. Rd5 Kb7 24. Qd3 Bf6 25. Rxd8 Qxd8 26. Qxd8 Bxd8 27.
h4 f6 28. h5 Na5 29. Nh4 Nc4 30. Nf5 Be7 31. Bc1 Bf8 32. Kf2 Kc6 33. Ke2 b5 34.
axb5+ Kxb5 35. Kd3 Na5 36. g4 Nc4 37. b3 Nd6 38. Nxd6+ Bxd6 39. g5 fxg5 40.
Bxg5 a5 41. Bd2 c4+ 42. bxc4+ Kc5 43. Be3+ Kc6 44. Kc2 a4 45. Kb2 Be7 46. Ka2
Bd6 47. Bc1 Bc5 48. Bg5 Bd6 49. Be3 1/2-1/2

[Event "QT 2014"]
[Site "Berlin"]
[Date "2014.04.22"]
[Round "4.2"]
[White "Shapiro, Yosip"]
[Black "Zschaebitz, Klaus"]
[Result "0-1"]
[WhiteElo "1998"]
[BlackElo "1952"]
[PlyCount "134"]
[EventDate "2014.??.??"]
[WhiteTeam "SV Berolina Mitte"]
[BlackTeam "BSG 1827 Eckbauer"]

1. c4 Nf6 2. Nf3 b6 3. d4 e6 4. g3 Ba6 5. b3 Bb4+ 6. Bd2 c5 7. Bg2 Bb7 8. O-O
Bxd2 9. Qxd2 cxd4 10. Qxd4 O-O 11. Nc3 d5 12. Rad1 Qe7 13. cxd5 Nxd5 14. Nxd5
Bxd5 15. Qh4 Qxh4 16. Nxh4 Bxg2 17. Nxg2 Nc6 18. Rd7 Rfd8 19. Rfd1 Kf8 20. Ne3
Ke8 21. Rc7 Nd4 22. Kf1 Nb5 23. Rc4 Rxd1+ 24. Nxd1 Nd6 25. Ra4 Kd7 26. Ne3 Kc7
27. Ke1 a6 28. Rg4 Rg8 29. Rf4 b5 30. h4 h5 31. Rd4 Rb8 32. f3 Rb6 33. g4 g6
34. Kf2 Rc6 35. Kg3 Rc3 36. Kf2 Kc6 37. Rf4 f5 38. Rd4 Kc5 39. Rd1 f4 40. Ng2
e5 41. gxh5 gxh5 42. Ne1 e4 43. Ng2 exf3 44. exf3 Nf5 45. Nxf4 Nxh4 46. Nd3+
Kb6 47. Kg3 Ng6 48. f4 Ne7 49. Kh4 Rc2 50. Nb4 Rh2+ 51. Kg5 a5 52. Re1 Nc8 53.
Re6+ Kb7 54. Nd3 Rxa2 55. f5 Rd2 56. Nf4 Rd6 57. Re8 Rd7 58. Ne6 Rd5 59. Kg6
Rxf5 60. Rxc8 Kxc8 61. Kxf5 a4 62. Nc5 a3 63. b4 a2 64. Nb3 Kc7 65. Ke4 h4 66.
Kf4 Kd6 67. Kg4 Kd5 0-1

[Event "QT 2014"]
[Site "Berlin"]
[Date "2014.04.22"]
[Round "4.3"]
[White "Neldner, Jan"]
[Black "Montavon, Gerard"]
[Result "0-1"]
[WhiteElo "1973"]
[BlackElo "1899"]
[PlyCount "98"]
[EventDate "2014.??.??"]
[WhiteTeam "BSV 63 Chemie Weißensee"]
[BlackTeam "SC Schwarz-Lichtenrade"]

1. e4 e5 2. Nf3 Nc6 3. Bb5 a6 4. Ba4 Nf6 5. d3 b5 6. Bb3 Be7 7. O-O O-O 8. Re1
d5 9. exd5 Nxd5 10. Nxe5 Nxe5 11. Rxe5 Nf6 12. h3 Bd6 13. Re1 c5 14. a4 Bb7 15.
Bg5 Bc7 16. Nd2 Qd6 17. Nf1 Bc6 18. f3 c4 19. Ba2 Nh5 20. c3 Qg6 21. Be3 cxd3
22. Nd2 Rfe8 23. Ne4 Rad8 24. Ng5 Bd5 25. Bxd5 Rxd5 26. Bd4 Red8 27. h4 h6 28.
Nh3 Qg3 29. Qxd3 Qh2+ 30. Kf1 Qh1+ 31. Ng1 Ng3+ 32. Kf2 Qxh4 33. Nh3 Nf5+ 34.
Kg1 Nxd4 35. cxd4 Rxd4 36. Qc2 Qg3 37. Rad1 Qh2+ 38. Kf1 Rxd1 39. Rxd1 Re8 40.
axb5 Bb6 41. Nf2 axb5 42. Qc6 Re6 43. Qc8+ Kh7 44. Qd7 Qe5 45. Qd3+ g6 46. b3
Qc5 47. Nh3 Re3 48. Qd7 Kg7 49. Nf4 Rxf3+ 0-1

[Event "QT 2014"]
[Site "Berlin"]
[Date "2014.04.22"]
[Round "4.4"]
[White "Voigt, Ingo"]
[Black "Bandow, Alexander"]
[Result "1-0"]
[WhiteElo "1802"]
[BlackElo "1956"]
[PlyCount "107"]
[EventDate "2014.??.??"]
[WhiteTeam "BSV 63 Chemie Weißensee"]
[BlackTeam "Schwarz-Weiß Neukölln"]

1. Nf3 d5 2. g3 c5 3. Bg2 Nc6 4. d3 e5 5. Nbd2 f5 6. O-O e4 7. Ne1 Nf6 8. c4
exd3 9. exd3 Be7 10. cxd5 Nxd5 11. Qb3 Nc7 12. Nc2 Be6 13. Qxb7 Na5 14. Qf3 O-O
15. Qe2 Rb8 16. Nc4 Nxc4 17. dxc4 Bf6 18. Bf4 Bf7 19. Rad1 Qc8 20. b3 Rb6 21.
Bxc7 Qxc7 22. Bd5 Ra6 23. Ne3 f4 24. Bxf7+ Qxf7 25. gxf4 Bd4 26. Nd5 Re8 27.
Qc2 Qh5 28. Rd3 Re2 29. Qd1 Raxa2 30. Rxd4 Qg4+ 31. Kh1 cxd4 32. Qxd4 Rxf2 33.
Rxf2 Rxf2 34. Qxf2 Qd1+ 35. Kg2 Qg4+ 36. Qg3 Qe2+ 37. Kg1 Qd1+ 38. Kf2 Qc2+ 39.
Kf1 h5 40. h4 Qd1+ 41. Qe1 Qf3+ 42. Kg1 a5 43. Qxa5 Qxb3 44. Qc3 Qd1+ 45. Kf2
Qh1 46. Ke3 Qxh4 47. c5 Kf7 48. c6 Qg3+ 49. Ke4 Qg2+ 50. Ke5 Qe2+ 51. Qe3 Qb5
52. c7 Qe8+ 53. Kd6 Qc8 54. Qe7+ 1-0

[Event "QT 2014"]
[Site "Berlin"]
[Date "2014.04.22"]
[Round "4.5"]
[White "Wischhoefer, Cord"]
[Black "Roehrig, Andre"]
[Result "1-0"]
[WhiteElo "2061"]
[BlackElo "1640"]
[PlyCount "57"]
[EventDate "2014.??.??"]
[WhiteTeam "SC Weisse Dame"]
[BlackTeam "BSG 1827 Eckbauer"]

1. Nf3 d5 2. d4 c6 3. c4 Nf6 4. Nc3 a6 5. e3 Bf5 6. Be2 e6 7. O-O Nbd7 8. b3
Be7 9. Bb2 h6 10. Bd3 Bxd3 11. Qxd3 O-O 12. e4 dxe4 13. Nxe4 e5 14. Nxf6+ Bxf6
15. dxe5 Be7 16. Rad1 Nc5 17. Qe3 Qa5 18. a3 Ne6 19. b4 Qc7 20. c5 a5 21. Nd4
axb4 22. axb4 Ra2 23. Nxe6 fxe6 24. Qb3 Rfa8 25. Qxe6+ Kf8 26. Bc1 Qc8 27. Rd7
Qe8 28. Rxb7 Rc2 29. Qf5+ 1-0

[Event "QT 2014"]
[Site "Berlin"]
[Date "2014.04.22"]
[Round "4.6"]
[White "Poppner, Dietmar"]
[Black "Pueschel, Werner"]
[Result "0-1"]
[WhiteElo "1861"]
[BlackElo "2002"]
[PlyCount "110"]
[EventDate "2014.??.??"]
[WhiteTeam "SV Berolina Mitte"]
[BlackTeam "SG Lasker Steglitz-Wilmersdorf"]

1. f4 e5 2. fxe5 d6 3. Nf3 dxe5 4. Nxe5 Bd6 5. Nf3 g5 6. d4 g4 7. Ne5 Bxe5 8.
dxe5 Qxd1+ 9. Kxd1 Nc6 10. Nc3 Be6 11. Bf4 Nge7 12. e3 O-O-O+ 13. Bd3 Ng6 14.
Ke2 Ncxe5 15. Bxg6 Nxg6 16. Rad1 Rxd1 17. Rxd1 g3 18. h3 Nxf4+ 19. exf4 Bf5 20.
Kf3 Rg8 21. Ne2 Bxc2 22. Rd2 Ba4 23. Nxg3 Bc6+ 24. Kf2 h5 25. Nxh5 Rxg2+ 26.
Ke3 Rg6 27. f5 Rg5 28. Nf4 Rxf5 29. Rd4 Re5+ 30. Kf2 Bd7 31. h4 c6 32. h5 Bf5
33. h6 Bb1 34. Rd6 Kc7 35. Rf6 Bxa2 36. Kg3 Kd7 37. h7 Re8 38. Rh6 Rh8 39. Nh5
Ke7 40. Nf6 Bb1 41. Kf4 Kf8 42. Kg5 Bg6 43. Rxg6 fxg6 44. Kxg6 a5 45. Nd7+ Ke7
46. Ne5 a4 47. Nc4 b5 48. Ne5 Rxh7 49. Kxh7 Kd6 50. Nd3 Kd5 51. Kg6 Kd4 52. Nc1
b4 53. Na2 c5 54. Kf5 Kd3 55. Ke5 Kc2 0-1

[Event "QT 2014"]
[Site "Berlin"]
[Date "2014.04.22"]
[Round "4.7"]
[White "Kapr, Klaus"]
[Black "Fiedler, Wolfgang"]
[Result "1-0"]
[WhiteElo "1963"]
[BlackElo "1878"]
[PlyCount "98"]
[EventDate "2014.??.??"]
[WhiteTeam "SC Friesen Lichtenberg"]
[BlackTeam "SV Berolina Mitte"]

1. e4 d5 2. exd5 Nf6 3. c4 e6 4. dxe6 Bxe6 5. Be2 c5 6. Nf3 Nc6 7. O-O Be7 8.
Nc3 O-O 9. d3 Qc7 10. Nb5 Qb6 11. Bf4 Rac8 12. a3 a6 13. Nc3 Rfd8 14. Qc2 Bg4
15. Be3 Qc7 16. Rad1 Nd4 17. Bxd4 cxd4 18. Nb1 Bd6 19. h3 Bf5 20. Nbd2 Bg6 21.
Rfe1 h6 22. Ne4 Be5 23. b4 Nxe4 24. dxe4 Bf6 25. Bd3 Bh5 26. g4 Qf4 27. Qe2
Bxg4 28. hxg4 Qxg4+ 29. Kh1 Qh3+ 30. Nh2 Be5 31. f3 Rd6 32. Rf1 Bf4 33. Rf2 Rg6
34. e5 Rg5 35. Qe4 Be3 36. Qh7+ Kf8 37. Bf1 Qe6 38. Rg2 Rxg2 39. Kxg2 b5 40. c5
Qa2+ 41. Kh1 Rc6 42. Ng4 Rg6 43. Nxe3 Qf2 44. Qh8+ Ke7 45. Nf5+ Ke6 46. Nxd4+
Kxe5 47. Qb8+ Kf6 48. Qd6+ Kg5 49. Qe5+ f5 1-0

[Event "QT 2014"]
[Site "Berlin"]
[Date "2014.04.22"]
[Round "4.8"]
[White "Sappok, Marius"]
[Black "Witte, Ronald"]
[Result "1/2-1/2"]
[WhiteElo "1882"]
[BlackElo "1959"]
[PlyCount "62"]
[EventDate "2014.??.??"]
[WhiteTeam "SC Zugzwang 95"]
[BlackTeam "BSV 63 Chemie Weißensee"]

1. d4 d5 2. c4 e6 3. Nc3 Nf6 4. Bg5 Be7 5. e3 Nbd7 6. Nf3 c6 7. Qc2 Nh5 8. Bxe7
Qxe7 9. Be2 Nhf6 10. O-O O-O 11. e4 dxe4 12. Nxe4 c5 13. Rad1 Nxe4 14. Qxe4 Nf6
15. Qh4 b6 16. Ne5 Bb7 17. Bd3 h6 18. Rfe1 cxd4 19. Qxd4 Rfd8 20. Qh4 Nd5 21.
Qxe7 Nxe7 22. Bc2 Nc6 23. Nxc6 Bxc6 24. b4 Kf8 25. f3 Ke7 26. Kf2 Rac8 27. Ke3
Bd5 28. cxd5 Rxc2 29. dxe6 Rxd1 30. Rxd1 Kxe6 31. Rd2 Rxd2 1/2-1/2

[Event "QT 2014"]
[Site "Berlin"]
[Date "2014.04.22"]
[Round "4.9"]
[White "Jaeger, Andre"]
[Black "Neuwirth, Michael"]
[Result "1-0"]
[WhiteElo "1959"]
[BlackElo "1825"]
[PlyCount "63"]
[EventDate "2014.??.??"]
[WhiteTeam "SC Rochade"]
[BlackTeam "SC Kreuzberg"]

1. d4 Nf6 2. c4 e6 3. Nc3 Bb4 4. Nf3 Ne4 5. Qd3 f5 6. a3 Bxc3+ 7. bxc3 b6 8. h4
d6 9. Ng5 Nf6 10. Qf3 d5 11. cxd5 Qxd5 12. Bf4 h6 13. Nh3 O-O 14. Bxc7 Qc4 15.
Bxb8 Rxb8 16. Qd3 Qc6 17. Rc1 Qd6 18. c4 Bb7 19. e3 Be4 20. Qb3 Kh7 21. Ng5+
Kh8 22. Nxe4 Nxe4 23. Bd3 Nxf2 24. Kxf2 f4 25. Rhf1 fxe3+ 26. Kxe3 e5 27. d5
Rfe8 28. Qb4 Qd8 29. g3 e4 30. Bxe4 b5 31. c5 Qxd5 32. Rf8+ 1-0

[Event "QT 2014"]
[Site "Berlin"]
[Date "2014.04.22"]
[Round "4.10"]
[White "Westphal, Julian"]
[Black "Schmidt, Juergen"]
[Result "1/2-1/2"]
[WhiteElo "1649"]
[BlackElo "1904"]
[PlyCount "90"]
[EventDate "2014.??.??"]
[WhiteTeam "TSG Oberschöneweide"]
[BlackTeam "SC Kreuzberg"]

1. d4 d5 2. c4 c6 3. Nf3 Nf6 4. Nc3 e6 5. e3 Nbd7 6. Qc2 Be7 7. Bd3 dxc4 8.
Bxc4 b5 9. Bd3 Bb7 10. e4 b4 11. Ne2 Qa5 12. O-O Rc8 13. Ng3 h5 14. h4 Ng4 15.
Bg5 c5 16. Bxe7 cxd4 17. Bxb4 Qxb4 18. Qb3 a5 19. Qxb4 axb4 20. Nxd4 O-O 21. f3
Nge5 22. Bb5 Nf6 23. Rac1 Rfd8 24. Nge2 Ne8 25. Bxe8 Rxe8 26. Rxc8 Rxc8 27. Rc1
Ra8 28. Rc7 Ba6 29. Rc5 Bxe2 30. Rxe5 Bd3 31. Nc6 b3 32. a3 Rxa3 33. Nd4 Ra1+
34. Kf2 Rb1 35. Ke3 Bc2 36. Kd2 Rxb2 37. Kc3 Ra2 38. Rb5 Bd1 39. g3 Rg2 40.
Nxb3 Bxb3 41. Kxb3 g6 42. Rg5 Kg7 43. e5 Rf2 44. f4 {(=)} Rg2 45. Kc4 Kf8
1/2-1/2

[Event "QT 2014"]
[Site "Berlin"]
[Date "2014.04.22"]
[Round "4.11"]
[White "Prix, Siegfried"]
[Black "Raab, Helen"]
[Result "0-1"]
[WhiteElo "1704"]
[BlackElo "1897"]
[PlyCount "62"]
[EventDate "2014.??.??"]
[WhiteTeam "SF Berlin 1903"]
[BlackTeam "SC Kreuzberg"]

1. d4 d5 2. e4 dxe4 3. Nc3 Nf6 4. f3 exf3 5. Qxf3 Nc6 6. Bb5 Bd7 7. Nge2 a6 8.
Ba4 e6 9. Bg5 Be7 10. O-O O-O 11. Rad1 Ne8 12. Bxe7 Qxe7 13. Ne4 Nb4 14. Bxd7
Qxd7 15. Nc5 Qd5 16. Qxd5 Nxd5 17. Rf3 Nd6 18. Nd7 Rfe8 19. Ne5 f6 20. Nd3 b6
21. b3 Nf5 22. Kf2 Rad8 23. g4 Nd6 24. c4 Ne4+ 25. Kg2 Ndc3 26. Nxc3 Nxc3 27.
Rc1 Ne2 28. Rd1 Nxd4 29. Re3 Kf7 30. Nf4 g5 31. Nh3 Nc2 0-1

[Event "QT 2014"]
[Site "Berlin"]
[Date "2014.04.22"]
[Round "4.12"]
[White "Baumeister, Wolfgang"]
[Black "Silz, Elisa"]
[Result "0-1"]
[WhiteElo "1659"]
[BlackElo "1862"]
[PlyCount "70"]
[EventDate "2014.??.??"]
[WhiteTeam "SC Kreuzberg"]
[BlackTeam "SV Empor Berlin"]

1. f4 Nf6 2. Nf3 g6 3. d3 d5 4. c3 Bg7 5. Qc2 O-O 6. e4 dxe4 7. dxe4 e6 8. Bd3
c5 9. Be3 Qc7 10. O-O Ng4 11. Qc1 Nxe3 12. Qxe3 Bh6 13. e5 Nd7 14. Nbd2 Nb6 15.
c4 f5 16. h4 Rd8 17. Be2 Nd7 18. Ng5 {(=)} Nf8 19. Ndf3 b6 20. Nh2 Bb7 21. g4
Bxg5 22. hxg5 Rd4 23. b3 Rad8 24. Rad1 Qd7 25. Qc1 Rd2 26. Rxd2 Qxd2 27. Bf3
Bxf3 28. Nxf3 Qxa2 29. gxf5 gxf5 30. Rd1 Rxd1+ 31. Qxd1 Qb2 32. Kf1 a6 33. Nh4
Qh2 34. Qh5 Ng6 35. Qf3 Qxh4 0-1

[Event "QT 2014"]
[Site "Berlin"]
[Date "2014.04.22"]
[Round "4.14"]
[White "Muenstermann, Claudia"]
[Black "Mattner, Stephan"]
[Result "1-0"]
[WhiteElo "1616"]
[BlackElo "1450"]
[PlyCount "89"]
[EventDate "2014.??.??"]
[WhiteTeam "SC Weisse Dame"]
[BlackTeam "TSV Marienfelde 1890"]

1. e4 e6 2. d4 d5 3. Nc3 Bb4 4. exd5 exd5 5. Bd3 Nf6 6. Nge2 O-O 7. O-O Bg4 8.
f3 Bd7 9. Bg5 Be6 10. Nf4 h6 11. Bh4 g5 12. Nxe6 fxe6 13. Bg3 Nbd7 14. Ne2 Nh5
15. c3 Nxg3 16. Nxg3 Bd6 17. Bc2 Bxg3 18. hxg3 Qf6 19. Qd3 Rf7 20. Rae1 Re8 21.
Re3 Nf8 22. Rfe1 c6 {(=)} 23. a4 Rfe7 24. Qe2 h5 25. b3 a6 26. b4 b5 27. axb5
axb5 28. Ra1 e5 29. dxe5 Rxe5 30. Rxe5 Qxe5 31. Qxe5 Rxe5 32. Kf2 Kf7 33. f4
gxf4 34. gxf4 Re7 35. g3 Nd7 36. Ra7 Nf6 37. Rxe7+ Kxe7 38. Bf5 Kf7 39. Ke3 Ke7
40. Kd4 Kd6 41. Bg6 Ne4 42. Bxe4 dxe4 43. Kxe4 Ke6 44. f5+ Kf6 45. Kf4 1-0

[Event "QT 2014"]
[Site "Berlin"]
[Date "2014.04.22"]
[Round "4.15"]
[White "Lange, Cecilia"]
[Black "Denkert, Anna"]
[Result "0-1"]
[WhiteElo "1378"]
[BlackElo "1597"]
[PlyCount "108"]
[EventDate "2014.??.??"]
[WhiteTeam "TSG Oberschöneweide"]
[BlackTeam "SV Empor Berlin"]

1. e4 e5 2. Nf3 Nf6 3. d4 Nxe4 4. Bd3 d5 5. Nxe5 Bd6 6. O-O O-O 7. c4 c6 8. Nc3
Nxc3 9. bxc3 Bxe5 10. dxe5 Be6 11. cxd5 Qxd5 12. Re1 Nd7 13. Bb2 Nxe5 14. Bxh7+
Kxh7 15. Qh5+ Kg8 16. Qxe5 Qxe5 17. Rxe5 Rfd8 18. Ree1 Rd2 19. Ba3 Rad8 20. h3
Bxa2 21. Re7 Bc4 22. Rxb7 a6 23. Rc7 Bb5 24. Bb4 Rc2 25. Re1 Ra2 26. Ra7 g6 27.
g3 Bc4 28. Rc7 Bd5 29. Rd1 Re8 30. Re7 Rxe7 31. Bxe7 Bf3 32. Rb1 f5 33. Bf6 Rc2
34. Kf1 Kf7 35. Bd4 Ke6 36. Ke1 Re2+ 37. Kf1 Ra2 38. Ke1 Kd5 39. Bg7 a5 40. Bd4
a4 41. Bg7 c5 42. Rb6 Re2+ 43. Kf1 Rd2 44. Rb1 Kc4 45. Ke1 Re2+ 46. Kf1 Rc2 47.
Ke1 a3 48. Ra1 a2 49. Bf6 Rb2 50. Bg7 Rb1+ 51. Rxb1 axb1=Q+ 52. Kd2 Qd3+ 53.
Kc1 Kb3 54. Bf6 Qd1# 0-1

[Event "QT 2014"]
[Site "Berlin"]
[Date "2014.04.22"]
[Round "4.16"]
[White "Gebigke, Lena"]
[Black "Reeger, Stephan"]
[Result "1-0"]
[WhiteElo "1516"]
[BlackElo "1259"]
[PlyCount "85"]
[EventDate "2014.??.??"]
[WhiteTeam "SV Berolina Mitte"]
[BlackTeam "SG Lasker Steglitz-Wilmersdorf"]

1. Nf3 d5 2. g3 c6 3. Bg2 Nf6 4. O-O e6 5. d4 Nbd7 6. c4 Bd6 7. e4 dxe4 8. Ng5
O-O 9. Nc3 h6 10. Ngxe4 Nxe4 11. Nxe4 Be7 12. Qc2 Nf6 13. Rd1 Qa5 14. Bd2 Qa6
15. b3 Rd8 16. Bc3 Nxe4 17. Qxe4 Bd7 18. d5 cxd5 19. cxd5 f5 20. Qe3 Bg5 21.
Qe1 f4 22. Bf1 b5 23. gxf4 Bh4 24. Qe4 exd5 {(=)} 25. Qxd5+ Be6 26. Qxb5 Qxb5
27. Bxb5 Rxd1+ 28. Rxd1 a6 29. Be2 Rc8 30. Rc1 a5 31. Bd2 Rxc1+ 32. Bxc1 a4 33.
Bc4 Kf7 34. f5 Bxc4 35. bxc4 Be7 36. Kf1 h5 37. Ke2 g6 38. fxg6+ Kxg6 39. Be3
Kf5 40. Kf3 Ke5 41. Ke2 Ke4 42. f3+ Ke5 43. Kd3 1-0

[Event "QT 2014"]
[Site "Berlin"]
[Date "2014.04.22"]
[Round "4.17"]
[White "Pehnke, Barbara"]
[Black "Fieberg, Norbert"]
[Result "0-1"]
[WhiteElo "1451"]
[BlackElo "1771"]
[PlyCount "182"]
[EventDate "2014.??.??"]
[WhiteTeam "SG Lasker Steglitz-Wilmersdorf"]
[BlackTeam "Svg. Läufer Reinickendorf"]

1. d4 Nf6 2. c4 e5 3. dxe5 Ng4 4. e3 Nxe5 5. Nc3 Nbc6 6. Nf3 Bc5 7. Be2 d6 8.
a3 a5 9. O-O O-O 10. b3 Bf5 11. Bb2 Re8 12. Nd5 Nxf3+ 13. Bxf3 Ne5 14. Nf4 c6
15. Rc1 Qe7 16. h3 f6 17. Bg4 Bxg4 18. hxg4 Qd7 19. Bxe5 fxe5 20. Nh5 Bxa3 21.
Rb1 Bc5 22. Qf3 Rf8 23. Qh3 Rf7 24. Ng3 g6 25. Ne4 Bb4 26. Rbd1 Rd8 27. c5 d5
28. Nd6 Rg7 29. Ne4 Qe7 30. Ng3 Bxc5 31. Ne2 Rf8 32. Kh1 Rgf7 33. Qg3 Bd6 34.
f3 Qc7 35. Qh3 Qb6 36. f4 exf4 37. e4 Re8 38. Nc3 d4 39. Na4 Qb4 40. Qd3 Be5
41. Rf3 Qe7 42. Qc4 Qh4+ 43. Kg1 Qxg4 44. Rdf1 Qe6 45. Qd3 Ref8 46. Nb6 Qe7 47.
Nc4 Qc7 48. Nb2 b5 49. Nd1 Qb6 50. Nf2 Qc5 51. Ng4 Kg7 52. Nf2 Qc3 53. Qd1 Qb4
54. Nd3 Qd6 55. Nf2 c5 56. Qd3 Rb7 57. Rb1 Rfb8 58. Nh3 a4 59. bxa4 bxa4 60.
Rxb7+ Rxb7 61. Qc4 Rb4 62. Qa2 c4 63. Ra3 Qc6 64. Ng5 h6 65. Nf3 Qxe4 66. Rxa4
Qb1+ 67. Qxb1 Rxb1+ 68. Kh2 Bf6 69. Rxc4 Rd1 70. Rc7+ Kf8 71. Kh3 d3 72. Rd7
Ke8 73. Rd5 Ke7 74. Kg4 g5 75. Kf5 Bc3 76. Ke4 d2 77. Kd3 Bb4 78. Rb5 Bd6 79.
Ke2 Ra1 80. Kxd2 Ra2+ 81. Ke1 Rxg2 82. Kf1 Ra2 83. Nd4 Rh2 84. Nf3 Rh3 85. Nd4
g4 86. Kg2 h5 87. Nf5+ Ke6 88. Nd4+ Kd7 89. Nf5 f3+ 90. Kf1 g3 91. Rb2 Rh1# 0-1

[Event "QT 2014"]
[Site "Berlin"]
[Date "2014.04.22"]
[Round "4.19"]
[White "Hoermann, David"]
[Black "Albinus, Guenter"]
[Result "1-0"]
[WhiteElo "1893"]
[BlackElo "1793"]
[PlyCount "151"]
[EventDate "2014.??.??"]
[WhiteTeam "SC Weisse Dame"]
[BlackTeam "SG Weißensee 49"]

1. e4 c5 2. Nf3 d6 3. d4 cxd4 4. Nxd4 Nf6 5. Nc3 a6 6. f3 e6 7. Bc4 Qc7 8. Bb3
Nc6 9. Be3 Na5 10. Qd2 Nc4 11. Bxc4 Qxc4 12. g4 b5 13. Nce2 Bb7 14. b3 Qc7 15.
c4 Qd7 16. Qa5 bxc4 17. bxc4 Be7 18. g5 Ng8 19. Kf2 Bd8 20. Qc3 Ne7 21. Nb3 O-O
22. Na5 Rc8 23. Nxb7 Qxb7 24. Bd4 e5 25. Be3 f5 26. gxf6 Rxf6 27. Qd3 Bb6 28.
Rab1 Bxe3+ 29. Qxe3 Qc6 30. Rhc1 Qc5 31. Rb7 Kf8 32. Ra7 Qxe3+ 33. Kxe3 Rc6 34.
Rb1 Nc8 35. Rb8 Rf7 36. Rxf7+ Kxf7 37. Rb7+ Kf6 38. Rb4 Nb6 39. Kd3 a5 40. Rb2
Na4 41. Rb5 Nc5+ 42. Kd2 Ra6 43. Nc3 Ra7 44. Ke3 g5 45. Rb6 Ke6 46. Nb5 Rd7 47.
Ke2 Nb7 48. Ra6 Rf7 49. Ra7 h5 50. Ke3 g4 51. fxg4 hxg4 52. Ke2 Rh7 53. Kf1
Rf7+ 54. Kg2 Rg7 55. Kg3 Kf6 56. Ra6 Ke7 57. Ra7 Kf6 58. Ra6 Ke7 {(=)} 59. Rb6
Ke6 60. Nxd6 Nxd6 61. c5 Kf6 62. Rxd6+ Kg5 63. Re6 Rh7 64. Rxe5+ Kg6 65. c6
Rh3+ 66. Kxg4 Rxh2 67. Rc5 Rh8 68. Rxa5 Rc8 69. Rc5 Kf6 70. Kf4 Ke6 71. c7 Kd6
72. Rc4 Rf8+ 73. Ke3 Rc8 74. a4 Kd7 75. Kd4 Ra8 76. c8=Q+ 1-0

[Event "QT 2014"]
[Site "Berlin"]
[Date "2014.04.22"]
[Round "4.20"]
[White "Hahlbohm, Matthias"]
[Black "Roehrig, Marcel"]
[Result "1-0"]
[WhiteElo "2050"]
[BlackElo "1653"]
[PlyCount "73"]
[EventDate "2014.??.??"]
[WhiteTeam "TSG Oberschöneweide"]
[BlackTeam "BSG 1827 Eckbauer"]

1. e4 d6 2. d4 Nf6 3. Nc3 g6 4. Be3 Bg7 5. f3 c6 6. Qd2 b5 7. Bh6 O-O 8. O-O-O
Nbd7 9. g4 Nb6 10. Bxg7 Kxg7 11. h4 h5 12. gxh5 Nxh5 13. Qf2 Qc7 14. Nce2 a5
15. Ng3 Rh8 16. N1e2 e5 17. Nxh5+ Rxh5 18. Ng3 Rh8 19. Bh3 c5 20. dxe5 dxe5 21.
Rdg1 Kf8 22. Ne2 Bb7 23. Rg5 a4 24. Bg4 a3 25. b3 c4 26. Kb1 cxb3 27. cxb3 Qd6
28. Qe3 Bc8 29. h5 Bxg4 30. fxg4 Rc8 31. Rf1 Kg7 32. Ng3 Qc7 33. Qf2 Rhd8 34.
hxg6 f5 35. Nxf5+ Kg8 36. Nh6+ Kg7 37. Qf6+ 1-0